00564nam a2200181Ia 4500003000900000008004100009020001800050040001600068080002300084100001700107245011200124260003700236300001700273650001400290650004100304650001700345650002000362IN-BaIIA211028s9999 xx 000 0 eng d a0-7923-2527-3 cIIA Library a52(082.1)bASS-187 aWamsteker, W 0aFrontiers of space and groumd-based astronomycW. Wamsteker  aDordrechtbKluwer Academicc1994 axxiii, 750p. aAstronomy aAstronomy and Astrophysics Thesaurus aAstrophysics aSpace astronomy